Introduction to Econometrics (Record no. 5572)

MARC details
005 - DATE AND TIME OF LATEST TRANSACTION
control field 20250627092147.0
020 ## - INTERNATIONAL STANDARD BOOK NUMBER
International Standard Book Number 0-321-44253-9
082 ## - DEWEY DECIMAL CLASSIFICATION NUMBER
Classification number 330.01 STO
100 ## - MAIN ENTRY--PERSONAL NAME
Author name STOCK, H. J
245 ## - TITLE STATEMENT
Title Introduction to Econometrics
250 ## - EDITION STATEMENT
Edition statement 2nd Ed.
260 ## - PUBLICATION, DISTRIBUTION, ETC.
Place of publication, distribution, etc. Boston
Name of publisher, distributor, etc. Pearson
Date of publication, distribution, etc. 2007.
300 ## - PHYSICAL DESCRIPTION
Extent xlii,796p.: ill.; figures, tables
Other physical details Index, Glossary
Dimensions 22cm
700 ## - ADDED ENTRY--PERSONAL NAME
Other authors/Editors Mark W. Watson
942 ## - ADDED ENTRY ELEMENTS (KOHA)
Source of classification or shelving scheme Dewey Decimal Classification
Koha item type Books
Holdings
Date last seen Total checkouts Full call number Barcode Cost, replacement price Price effective from Koha item type Lost status Source of classification or shelving scheme Damaged status Not for loan Withdrawn status Home library Current library Shelving location Date acquired Source of acquisition Cost, normal purchase price
06/27/2025   330.01 STO MZA0002480 150000.00 06/27/2025 Books   Dewey Decimal Classification       CBE Mwanza CBE Mwanza General Collection 06/14/2021 Library Budget 50000.00
06/28/2025   330.01 STO MZA0002734 15000.00 06/28/2025 Books   Dewey Decimal Classification       CBE Mwanza CBE Mwanza General Collection 06/14/2012 Library Budget 50000.00